| 000 | 00355nam a2200133Ia 4500 | ||
|---|---|---|---|
| 008 | 150202s9999 xx 000 0 und d | ||
| 020 | _a373056958 | ||
| 050 |
_aFIC _bFIC |
||
| 100 | _aAdams, Audra. | ||
| 245 |
_aHome sweet home / _cAudra Adams. |
||
| 260 |
_aNew York : _bSilhouette Books, _c1992. |
||
| 300 |
_a187 pages : _c18 cm. |
||
| 650 | _aFiction. | ||
| 999 |
_c281788 _d281788 |
||